00976nam a22002657a 45000010005000000030006000050050017000110080041000280200018000690400029000870500014001160820010001301000023001402450043001632500045002062600051002513000049003024900032003515050008003835200227003915210020006185210020006386500021006587000031006794788FISKH20241016110744.0241014b cb ||||| |||| 00| 0 eng d a9780194234269 aFISKHbengcFISKHdFISKH aPE1126.A4 a428.6 aLindop, Christine  aSally's Phone / cby Christine Lindop  aFirst published in Oxford Bookworms 2003 aNew York : bOxford Bookworms Press ;c2008 .  a40 pages : bcolor illustrations ;c21 cm .  aOxford Bookworms vStarter  aE  aSally is always running - and she has her phone with her all the time: at home, on the train, at work, at lunchtime, and at the shops.But then one afternoon suddenly she has a different phone . . . and it changes her life.8 a240 bLexile 8 aE bRaz-Plus  ayellow vfiction aReece, Gavineillustration